000 00861nas a2200277 4500
001 BR2012009782
003 BR-BrBNA
005 20231205121718.0
007 ta
008 230509b bl.|||p| |||| 00| 00por d
040 _aBR-BrBNA
_bpor
_cBiblioteca Nacional de Agricultura
041 _a(En)
072 _aQ02
100 1 _aPetrus, R.R.
100 1 _aFreire, M.T. de A.
100 1 _aSetogute, L. de C.
100 1 _aHigajo, V.M.
245 1 _aEffect of pasteurization temperature and aseptic filling on the shelf-life of milk
650 _aLEITE PASTEURIZADO
650 _aTEMPERATURA
650 _aANÁLISE ORGANOLÉPTICA
650 _aVIDA-DE-PRATELEIRA
773 0 _tAlimentos e Nutrição (Brazil)
_xISSN 0103-4235
_g(Oct-Dec 2011), v. 22(4) p. 531-538
_wBR2012009782
909 _a202311
_bLúcia
_c55
_dLúcia Elande
942 _2AGRIS
_n0
_cANA
999 _c224856
_d224856